Top 25 Best U.S. Cities to live in 2019 - Statistics

General Stats
  • This quiz has been taken 68 times
    42 since last reset
  • The average score is 17 of 25
Answer Stats
Overall Score State City % Correct
7.6 Texas Austin
97%
7.4 Colorado Denver
95%
7.3 California San Francisco
92%
7.2 Oregon Portland
89%
7 Maine Portland
89%
7 North Carolina Charlotte
87%
7.3 Iowa Des Moines
87%
7.1 Tennesee Nashville
87%
7.2 Washington Seattle
87%
7.1 Idaho Boise
84%
7 Texas Dallas
79%
7.3 Minnesota Mineapolis
76%
7.2 North Carolina Raleigh
76%
6.9 Utah Salt Lake City
76%
7.1 Wisconsin Madison
74%
7.1 Michigan Grand Rapids
68%
7.1 California San Jose
68%
7 Washington DC
68%
7.1 Alabama Huntsville
61%
7.3 Arkansas Fayetteville
53%
7.4 Colorado Springs
39%
7.1 North Carolina Asheville
34%
7 South Carolina Greenville
34%
7 Florida Sarasota
29%
6.9 Florida Melbourne
13%
No matching quizzes found
Score Distribution
Percent of People with Each Score
Percentile by Number Answered
Your Score History
You have not taken this quiz since the last reset